Toda la obra

שמור ב:
מידע ביבליוגרפי
מחבר ראשי: Rulfo, Juan
פורמט: ספר
שפה:Undetermined
יצא לאור: París, Francia ALLCA XX 1996
מהדורה:2
נושאים:
תגים: הוספת תג
אין תגיות, היה/י הראשונ/ה לתייג את הרשומה!

MARC

LEADER 00000nam a2200000Ia 4500
008 170316s9999 xx 000 0 und d
040 |a cru BVZT 
090 |a AR 31 
100 |a Rulfo, Juan 
245 |a Toda la obra 
250 |a 2 
260 |a París, Francia 
260 |b ALLCA XX 
260 |c 1996 
300 |a 1044 páginas 
650 |a COLECCIÓN ARCHIVOS 
650 |a LITERATURA LATINOAMERICANA 
942 |c SALA 
999 |c 12653  |d 12653